[Event "43. Olimpiada Batumi 2018 Femenina"]
[Site "Batumi GEO"]
[Date "2018.09.25"]
[Round "2.3"]
[White "Real Pereyra, Diana Carime"]
[Black "Batyte, Daiva"]
[Result "0-1"]
[WhiteElo "2110"]
[BlackElo "2172"]
[PlyCount "134"]
[EventDate "2018.09.24"]
[EventType "team-swiss"]
[EventRounds "11"]
[EventCountry "GEO"]
[SourceTitle "Ajedrez en Madrid"]
[Source "lmi"]
[SourceDate "2018.09.24"]
[WhiteTeam "Mexico"]
[BlackTeam "Lithuania"]
[WhiteTeamCountry "MEX"]
[BlackTeamCountry "LTU"]

1. e4 e6 2. Nc3 d5 3. d4 Bb4 4. Bd2 dxe4 5. Qg4 Nf6 6. Qxg7 Rg8 7. Qh6 Rg6 8.
Qe3 Nc6 9. Nge2 Bf8 10. Nxe4 Nd5 11. Qb3 a5 12. a3 a4 13. Qd3 Na5 14. Nf4 Nxf4
15. Bxf4 b6 16. O-O-O Ba6 17. Qc3 Bxf1 18. Rhxf1 c6 19. Rfe1 Qd5 20. Kb1 Be7
21. Qd3 b5 22. Nc3 Qd7 23. Na2 Nc4 24. Nb4 Bxb4 25. axb4 a3 26. Bc1 axb2 27.
Bxb2 Qd6 28. Qb3 Rxg2 29. Re2 Ra4 30. c3 Qxh2 31. Qc2 Qh5 32. Qe4 Qg6 33. Qxg6
hxg6 34. Bc1 Ke7 35. Rh1 Ra8 36. Bf4 Rg4 37. Bc1 Rd8 38. Ra2 Rg2 39. Rh7 Rd7
40. Rh1 g5 41. Rh6 Nd6 42. f3 Rg1 43. Ra8 Nf5 44. Rh5 g4 45. fxg4 Rxg4 46. Rhh8
Rg1 47. Rhc8 Kd6 48. Kc2 Kd5 49. Ra6 Ne7 50. Rf8 Rg7 51. Bh6 Rg2+ 52. Kb3 Nf5
53. Bc1 Rg1 54. Bf4 Ke4 55. Be5 Kd3 56. Rh8 Rb1+ 57. Ka2 Rf1 58. Kb3 Ne3 59.
Rh3 f6 60. Bb8 Rg7 61. Rxc6 Rg2 62. Rxe6 Re2 63. d5 Rb1+ 64. Ka3 Ree1 65.
Rhxe3+ Rxe3 66. Rxf6 Rc1 67. Kb2 Rc2+ 0-1

[Event "43. Olimpiada Batumi 2018 Femenina"]
[Site "Batumi GEO"]
[Date "2018.09.25"]
[Round "2.4"]
[White "Sibajeva, Marija"]
[Black "Garcia Morales, Ivette Ale"]
[Result "1-0"]
[WhiteElo "1980"]
[BlackElo "2013"]
[PlyCount "67"]
[EventDate "2018.09.24"]
[EventType "team-swiss"]
[EventRounds "11"]
[EventCountry "GEO"]
[SourceTitle "Ajedrez en Madrid"]
[Source "lmi"]
[SourceDate "2018.09.24"]
[WhiteTeam "Lithuania"]
[BlackTeam "Mexico"]
[WhiteTeamCountry "LTU"]
[BlackTeamCountry "MEX"]

1. e4 e6 2. d4 d5 3. Nd2 Nf6 4. e5 Nfd7 5. f4 c5 6. c3 b6 7. Ndf3 Ba6 8. Bxa6
Nxa6 9. Ne2 Be7 10. O-O Qc7 11. Be3 c4 12. a4 Nab8 13. Nd2 Nc6 14. f5 O-O-O 15.
Nf4 Nf8 16. Qg4 h5 17. Qxg7 Rh7 18. Qg3 exf5 19. Qf3 Bg5 20. Nxd5 Bxe3+ 21.
Nxe3 Nxe5 22. Qxf5+ Kb8 23. Qxe5 Qxe5 24. dxe5 Rxd2 25. Nxc4 Rd5 26. Rad1 Rxd1
27. Rxd1 Kc7 28. Nd6 Ng6 29. Nb5+ Kb8 30. Rd8+ Kb7 31. Rd7+ Kc6 32. e6 Ne5 33.
Nxa7+ Kc5 34. e7 1-0

[Event "43. Olimpiada Batumi 2018 Femenina"]
[Site "Batumi GEO"]
[Date "2018.09.25"]
[Round "2.1"]
[White "Terao, Juliana Sayumi"]
[Black "Wang, Chengjia"]
[Result "1-0"]
[WhiteElo "2255"]
[BlackElo "2050"]
[PlyCount "113"]
[EventDate "2018.09.24"]
[EventType "team-swiss"]
[EventRounds "11"]
[EventCountry "GEO"]
[SourceTitle "Ajedrez en Madrid"]
[Source "lmi"]
[SourceDate "2018.09.24"]
[WhiteTeam "Brazil"]
[BlackTeam "South Korea"]
[WhiteTeamCountry "BRA"]

1. e4 d5 2. exd5 Qxd5 3. Nc3 Qd6 4. Nf3 Nf6 5. d4 Bg4 6. Be2 e6 7. O-O Nbd7 8.
h3 Bh5 9. Be3 a6 10. Rb1 h6 11. Nd2 Bxe2 12. Qxe2 Nb6 13. Qf3 c6 14. Nce4 Nxe4
15. Nxe4 Qd5 16. b3 O-O-O 17. c4 Qf5 18. Qxf5 exf5 19. Ng3 g6 20. d5 Nd7 21.
dxc6 bxc6 22. Rbd1 Bc5 23. Bd2 Ne5 24. Bc3 Rhe8 25. b4 Bd6 26. c5 Bc7 27. Rfe1
Re6 28. Rxd8+ Kxd8 29. Rd1+ Kc8 30. Kf1 f4 31. Ne2 f3 32. Nd4 fxg2+ 33. Kxg2
Re8 34. Re1 Kd7 35. Bd2 h5 36. Rd1 Kc8 37. Bg5 Kb7 38. Re1 Rf8 39. Be7 Rc8 40.
Bd6 Nd3 41. Re7 Nxb4 42. Rxf7 Kb8 43. Ne6 Nd5 44. Rg7 a5 45. Nxc7 Nxc7 46. Rxg6
Ka8 47. f4 Nd5 48. Kf3 Nc3 49. f5 Nb5 50. f6 Nxd6 51. cxd6 Rf8 52. Ke4 Kb7 53.
Rg7+ Kc8 54. Kf5 c5 55. Ke6 c4 56. f7 c3 57. Rg3 1-0

[Event "43. Olimpiada Batumi 2018 Femenina"]
[Site "Batumi GEO"]
[Date "2018.09.25"]
[Round "2.2"]
[White "Eynula, Roza"]
[Black "Alboredo, Julia"]
[Result "1/2-1/2"]
[WhiteElo "2030"]
[BlackElo "2174"]
[PlyCount "133"]
[EventDate "2018.09.24"]
[EventType "team-swiss"]
[EventRounds "11"]
[EventCountry "GEO"]
[SourceTitle "Ajedrez en Madrid"]
[Source "lmi"]
[SourceDate "2018.09.24"]
[WhiteTeam "South Korea"]
[BlackTeam "Brazil"]
[BlackTeamCountry "BRA"]

1. d4 Nf6 2. c4 g6 3. Nc3 Bg7 4. e4 d6 5. Be2 O-O 6. Nf3 e5 7. Be3 exd4 8. Nxd4
Re8 9. f3 c6 10. Qd2 d5 11. exd5 cxd5 12. O-O Nc6 13. Rad1 Nxd4 14. Bxd4 dxc4
15. Bxc4 Be6 16. Bb5 Rf8 17. Qf2 a6 18. Bc5 Qc7 19. Bb6 Qc8 20. Ba4 Bc4 21.
Rfe1 Qf5 22. g4 Qc8 23. Re7 Be6 24. g5 Nh5 25. Ne4 Nf4 26. Qe1 Bd5 27. Bd7 Qc2
28. Rd2 Qc4 29. b3 Qb4 30. Bc5 Qa5 31. Qe3 Bxe4 32. Rxe4 Nh5 33. b4 Qc7 34.
Bxf8 Bxf8 35. Bg4 Qc1+ 36. Kg2 Ng7 37. Qe2 a5 38. b5 Bc5 39. Qd1 Qa3 40. Rd8+
Rxd8 41. Qxd8+ Bf8 42. Qd5 Qb2+ 43. Kh3 Qc1 44. Kg2 Qc2+ 45. Kg3 Qc1 46. Re2
Qg1+ 47. Rg2 Qe1+ 48. Kh3 b6 49. f4 Qf1 50. Qe5 Qd3+ 51. Rg3 Qf1+ 52. Rg2 Qd3+
53. Kh4 Bd6 54. Qe2 Nf5+ 55. Bxf5 Qxf5 56. Qg4 Qxb5 57. Qc8+ Bf8 58. Rf2 Qb4
59. Kg3 Qe1 60. Kg2 Qe4+ 61. Kg3 Qe3+ 62. Kg2 Qe4+ 63. Kg3 Qe3+ 64. Rf3 Qe1+
65. Kg2 Qe2+ 66. Rf2 Qe4+ 67. Kg3 1/2-1/2

[Event "43. Olimpiada Batumi 2018 Femenina"]
[Site "Batumi GEO"]
[Date "2018.09.25"]
[Round "2.3"]
[White "Rothebarth, Ana Vitoria de Paul"]
[Black "Lee, Seyeon"]
[Result "1/2-1/2"]
[WhiteElo "2063"]
[BlackElo "1727"]
[PlyCount "166"]
[EventDate "2018.09.24"]
[EventType "team-swiss"]
[EventRounds "11"]
[EventCountry "GEO"]
[SourceTitle "Ajedrez en Madrid"]
[Source "lmi"]
[SourceDate "2018.09.24"]
[WhiteTeam "Brazil"]
[BlackTeam "South Korea"]
[WhiteTeamCountry "BRA"]

1. e4 e5 2. Nf3 Nc6 3. Bb5 a6 4. Ba4 Nf6 5. O-O d6 6. c3 Be7 7. Re1 O-O 8. h3
b5 9. Bc2 Bb7 10. d3 Re8 11. Nbd2 Na5 12. b4 Nc6 13. Bb3 a5 14. bxa5 Nxa5 15.
Bc2 c5 16. Nf1 d5 17. Bg5 h6 18. Bxf6 Bxf6 19. Qb1 Qd7 20. a4 bxa4 21. Bxa4 Bc6
22. Bxc6 Nxc6 23. Rxa8 Rxa8 24. exd5 Qxd5 25. Ne3 Qd7 26. Ng4 Rb8 27. Nxf6+
gxf6 28. Qc2 Rd8 29. Re3 Ne7 30. Nd2 Ng6 31. Ne4 Qe7 32. Rf3 Nf4 33. d4 cxd4
34. cxd4 Kh8 35. dxe5 fxe5 36. Qc6 Kh7 37. Nf6+ Kg7 38. Ne4 Kh7 39. Qc2 Kh8 40.
Ng3 Rg8 41. Rc3 Qg5 42. Qe4 h5 43. h4 Qf6 44. Rc6 Qg7 45. Rc5 f6 46. Rb5 Qg6
47. Qc6 Rd8 48. Qc7 Ne6 49. Qe7 Re8 50. Qd7 Ng7 51. Rb6 e4 52. Nf1 Rf8 53. Qd6
Qf7 54. Rc6 Nf5 55. Qf4 Qd7 56. Qxe4 Nxh4 57. Rb6 Qg4 58. Qxg4 hxg4 59. Nh2 g3
60. fxg3 Nf5 61. Kf2 Kg7 62. Ng4 Ne7 63. Ne3 Kg6 64. Kf3 Rd8 65. Re6 Kf7 66.
Ra6 Rg8 67. g4 Rg5 68. Rd6 Re5 69. Nc4 Rc5 70. Nd2 Rc3+ 71. Kf4 Ng6+ 72. Ke4
Rg3 73. Kf5 Ne7+ 74. Kf4 Rxg2 75. Ne4 Ng8 76. Ra6 Rc2 77. Ra7+ Kg6 78. Ra6 Rc7
79. Rb6 Rf7 80. Nd6 Rd7 81. Ne4 Rf7 82. Nd6 Rd7 83. Nf5 Ne7 1/2-1/2

[Event "43. Olimpiada Batumi 2018 Femenina"]
[Site "Batumi GEO"]
[Date "2018.09.25"]
[Round "2.4"]
[White "Park, Sunwoo"]
[Black "Chang, Suzana"]
[Result "1-0"]
[WhiteElo "1793"]
[BlackElo "2037"]
[PlyCount "69"]
[EventDate "2018.09.24"]
[EventType "team-swiss"]
[EventRounds "11"]
[EventCountry "GEO"]
[SourceTitle "Ajedrez en Madrid"]
[Source "lmi"]
[SourceDate "2018.09.24"]
[WhiteTeam "South Korea"]
[BlackTeam "Brazil"]
[BlackTeamCountry "BRA"]

1. e4 c5 2. Nf3 e6 3. c3 d5 4. exd5 Qxd5 5. d4 Nf6 6. Be2 cxd4 7. cxd4 Bb4+ 8.
Bd2 Bxd2+ 9. Nbxd2 Nc6 10. Nc4 O-O 11. O-O Rd8 12. Ne3 Qd6 13. Qb3 b6 14. Rfd1
Bb7 15. Rac1 Rac8 16. Nc4 Qd5 17. Qd3 h6 18. b3 Qe4 19. Qe3 Nb4 20. Qd2 Nbd5
21. Nce5 Qf4 22. Qb2 Qf5 23. Bd3 Qh5 24. Qd2 Ne7 25. h3 Be4 26. g4 Qxh3 27. Bf1
Bxf3 28. Bxh3 Bxd1 29. Rxd1 Ne4 30. Qf4 Nf6 31. Bg2 Rc2 32. Rd2 Rc7 33. Nc4
Ned5 34. Bxd5 Nxd5 35. Qe5 1-0

[Event "43. Olimpiada Batumi 2018 Femenina"]
[Site "Batumi GEO"]
[Date "2018.09.25"]
[Round "2.1"]
[White "Shabanaj, Eglantina"]
[Black "Vazquez Maccarini, Danitza"]
[Result "1/2-1/2"]
[WhiteElo "1953"]
[BlackElo "2082"]
[PlyCount "42"]
[EventDate "2018.09.24"]
[EventType "team-swiss"]
[EventRounds "11"]
[EventCountry "GEO"]
[SourceTitle "Ajedrez en Madrid"]
[Source "lmi"]
[SourceDate "2018.09.24"]
[WhiteTeam "Albania"]
[BlackTeam "Puerto Rico"]
[WhiteTeamCountry "ALB"]
[BlackTeamCountry "PUR"]

1. d4 Nf6 2. Nf3 g6 3. c4 c5 4. d5 d6 5. Nc3 Bg7 6. e4 e6 7. dxe6 Bxe6 8. Bf4
Ke7 9. h3 Qd7 10. Qd3 Nh5 11. Bh2 Nc6 12. g4 Nb4 13. Qd2 Nf6 14. Rd1 Rhd8 15.
a3 Nc6 16. Qe3 Ne8 17. Nb5 Kf8 18. Be2 Qe7 19. Rd2 a6 20. Nc3 Nd4 21. O-O Kg8
1/2-1/2

[Event "43. Olimpiada Batumi 2018 Femenina"]
[Site "Batumi GEO"]
[Date "2018.09.25"]
[Round "2.2"]
[White "Comas Colon, Rinelly M"]
[Black "Shabanaj, Alda"]
[Result "1/2-1/2"]
[WhiteElo "1720"]
[BlackElo "1853"]
[PlyCount "91"]
[EventDate "2018.09.24"]
[EventType "team-swiss"]
[EventRounds "11"]
[EventCountry "GEO"]
[SourceTitle "Ajedrez en Madrid"]
[Source "lmi"]
[SourceDate "2018.09.24"]
[WhiteTeam "Puerto Rico"]
[BlackTeam "Albania"]
[WhiteTeamCountry "PUR"]
[BlackTeamCountry "ALB"]

1. c4 Nf6 2. g3 g6 3. Bg2 Bg7 4. Nc3 c6 5. e4 d6 6. Nge2 e5 7. d3 O-O 8. Bg5
Qc7 9. Bxf6 Bxf6 10. O-O Bg7 11. Kh1 f5 12. f3 Be6 13. b4 Nd7 14. Rb1 fxe4 15.
Nxe4 Nf6 16. Nxf6+ Rxf6 17. f4 Raf8 18. Qc2 Bg4 19. fxe5 Rxf1+ 20. Rxf1 Rxf1+
21. Bxf1 Qf7 22. Kg1 Bxe5 23. d4 Bxe2 24. Qxe2 Bxd4+ 25. Kh1 Kg7 26. a4 Qf6 27.
Bg2 Qe5 28. Bf3 Qxe2 29. Bxe2 Kf6 30. Bf3 Ke5 31. b5 d5 32. bxc6 bxc6 33. cxd5
cxd5 34. Kg2 Bb6 35. h4 h6 36. g4 g5 37. hxg5 hxg5 38. Kf1 d4 39. Bb7 Kf4 40.
Bc8 Ke3 41. Ke1 Kd3 42. Kd1 Kc3 43. Be6 d3 44. Bc8 d2 45. Bd7 Be3 46. Bb5
1/2-1/2

[Event "43. Olimpiada Batumi 2018 Femenina"]
[Site "Batumi GEO"]
[Date "2018.09.25"]
[Round "2.3"]
[White "Gjergji, Rozana"]
[Black "Vega Jimenez, Keyshla M"]
[Result "1-0"]
[WhiteElo "1924"]
[BlackElo "1683"]
[PlyCount "33"]
[EventDate "2018.09.24"]
[EventType "team-swiss"]
[EventRounds "11"]
[EventCountry "GEO"]
[SourceTitle "Ajedrez en Madrid"]
[Source "lmi"]
[SourceDate "2018.09.24"]
[WhiteTeam "Albania"]
[BlackTeam "Puerto Rico"]
[WhiteTeamCountry "ALB"]
[BlackTeamCountry "PUR"]

1. e4 c5 2. Nc3 e6 3. f4 d5 4. Nf3 Nc6 5. Bb5 Nge7 6. O-O a6 7. Bxc6+ bxc6 8.
d3 Rb8 9. Qe1 Qc7 10. b3 g6 11. Na4 Qa7 12. Qc3 Rg8 13. Qxc5 Qb7 14. Ne5 Bd7
15. Bb2 Nf5 16. Qf2 Nd6 17. Nc5 1-0

[Event "43. Olimpiada Batumi 2018 Femenina"]
[Site "Batumi GEO"]
[Date "2018.09.25"]
[Round "2.4"]
[White "Bengoa Feliciano, Katsi M"]
[Black "Tuzi, Bruna"]
[Result "0-1"]
[WhiteElo "1274"]
[BlackElo "1813"]
[PlyCount "58"]
[EventDate "2018.09.24"]
[EventType "team-swiss"]
[EventRounds "11"]
[EventCountry "GEO"]
[SourceTitle "Ajedrez en Madrid"]
[Source "lmi"]
[SourceDate "2018.09.24"]
[WhiteTeam "Puerto Rico"]
[BlackTeam "Albania"]
[WhiteTeamCountry "PUR"]
[BlackTeamCountry "ALB"]

1. e4 c5 2. Nf3 Nc6 3. Nc3 d6 4. Bc4 Nf6 5. h3 a6 6. d3 b5 7. Bb3 e6 8. a3 Be7
9. O-O O-O 10. Re1 Bb7 11. Be3 d5 12. d4 dxe4 13. Ne5 Nxd4 14. Bxd4 cxd4 15.
Ne2 Bc5 16. Ba2 h5 17. Nf4 Qd6 18. Neg6 Rfe8 19. g3 fxg6 20. Bxe6+ Rxe6 21.
Nxe6 Qxe6 22. f3 Qxh3 23. Re2 d3+ 24. Rf2 Qxg3+ 25. Kh1 Bxf2 26. Qf1 e3 27. Qg2
Bxf3 28. Qxf3 Qxf3+ 29. Kh2 Ng4# 0-1

[Event "43. Olimpiada Batumi 2018 Femenina"]
[Site "Batumi GEO"]
[Date "2018.09.25"]
[Round "2.1"]
[White "Johnson, Gabriella"]
[Black "Mencos Castillo, Maria"]
[Result "0-1"]
[WhiteElo "1840"]
[BlackElo "1888"]
[PlyCount "88"]
[EventDate "2018.09.24"]
[EventType "team-swiss"]
[EventRounds "11"]
[EventCountry "GEO"]
[SourceTitle "Ajedrez en Madrid"]
[Source "lmi"]
[SourceDate "2018.09.24"]
[WhiteTeam "Trinidad & Tobago"]
[BlackTeam "Guatemala"]
[BlackTeamCountry "GUA"]

1. e4 e5 2. Nf3 Qe7 3. Bc4 h6 4. O-O Nf6 5. Re1 d6 6. Nc3 c6 7. d4 Bg4 8. Be2
Qc7 9. Qd3 Bc8 10. Nh4 g6 11. Bf1 Nbd7 12. b4 Bg7 13. Rb1 O-O 14. Nd1 Re8 15.
Qb3 Nf8 16. dxe5 dxe5 17. h3 Be6 18. Bc4 Rad8 19. Nb2 Bxc4 20. Nxc4 Kh7 21. Bb2
Nh5 22. Rbd1 Ne6 23. Nf3 Nd4 24. Qc3 Nxf3+ 25. Qxf3 Nf4 26. Kh2 b5 27. Ne3 Ne6
28. Ng4 Nd4 29. Bxd4 exd4+ 30. Kg1 Be5 31. Rd3 h5 32. Nf6+ Bxf6 33. Qxf6 Re6
34. Qg5 Re5 35. Qd2 c5 36. f3 Qb6 37. Qf4 Re7 38. Red1 c4 39. Qg5 Red7 40. R3d2
d3+ 41. Kh2 Qc7+ 42. g3 dxc2 43. Rxd7 cxd1=Q 44. Rxc7 Rd2+ 0-1

[Event "43. Olimpiada Batumi 2018 Femenina"]
[Site "Batumi GEO"]
[Date "2018.09.25"]
[Round "2.2"]
[White "Cruz Lima, Kimberly Esmeralda"]
[Black "Soondarsingh, Aditi"]
[Result "1-0"]
[WhiteElo "1626"]
[BlackElo "1719"]
[PlyCount "125"]
[EventDate "2018.09.24"]
[EventType "team-swiss"]
[EventRounds "11"]
[EventCountry "GEO"]
[SourceTitle "Ajedrez en Madrid"]
[Source "lmi"]
[SourceDate "2018.09.24"]
[WhiteTeam "Guatemala"]
[BlackTeam "Trinidad & Tobago"]
[WhiteTeamCountry "GUA"]

1. e4 c5 2. Nf3 g6 3. d4 cxd4 4. Nxd4 Bg7 5. Nc3 Nc6 6. Nb3 Nf6 7. Be2 O-O 8.
Be3 d6 9. f3 a5 10. a4 Be6 11. O-O Bxb3 12. cxb3 Rc8 13. Rc1 Nb4 14. Qd2 Nd7
15. Bc4 Ne5 16. Bb5 Nec6 17. Rfd1 Nb8 18. Bc4 Nd7 19. Nd5 Nxd5 20. Bxd5 b6 21.
b4 axb4 22. Qxb4 Nc5 23. b3 Rb8 24. Qd2 Qd7 25. Bc4 Rfd8 26. Qf2 Qa7 27. Rc2
Qa5 28. Qd2 Qxd2 29. Rcxd2 Rdc8 30. Rc2 Be5 31. Rdc1 Kg7 32. g4 e6 33. g5 Kg8
34. Rd1 Rd8 35. h3 Bg7 36. Bf4 Bf8 37. Rcd2 e5 38. Be3 Rdc8 39. Rc2 Kg7 40. Kg2
Rb7 41. Ba6 Nxa6 42. Rxc8 Nc5 43. Rc6 b5 44. Bxc5 dxc5 45. Rd8 Be7 46. Re8 Bxg5
47. Rxe5 Be3 48. Rd5 bxa4 49. bxa4 Ra7 50. Rd3 Bd4 51. Ra3 Kf8 52. a5 Ke7 53.
Kf1 Kd7 54. Rb6 c4 55. Rb5 Kc6 56. Rd5 Bb2 57. Ra4 c3 58. Rc4+ Kb7 59. Rd7+ Kb8
60. Rb4+ Kc8 61. Rxa7 c2 62. Rc4+ Kb8 63. Rac7 1-0

[Event "43. Olimpiada Batumi 2018 Femenina"]
[Site "Batumi GEO"]
[Date "2018.09.25"]
[Round "2.3"]
[White "Yearwood, Shannon"]
[Black "Mencos, Claudia"]
[Result "0-1"]
[WhiteElo "1608"]
[BlackElo "1996"]
[PlyCount "118"]
[EventDate "2018.09.24"]
[EventType "team-swiss"]
[EventRounds "11"]
[EventCountry "GEO"]
[SourceTitle "Ajedrez en Madrid"]
[Source "lmi"]
[SourceDate "2018.09.24"]
[WhiteTeam "Trinidad & Tobago"]
[BlackTeam "Guatemala"]
[BlackTeamCountry "GUA"]

1. e4 e6 2. Nf3 c5 3. d4 cxd4 4. Nxd4 a6 5. Nc3 Bb4 6. g3 Qc7 7. Bd2 Nf6 8. Bg2
Be7 9. O-O d6 10. Kh1 Nc6 11. Nxc6 bxc6 12. f4 Rb8 13. Rb1 O-O 14. g4 Nd7 15.
g5 f5 16. exf5 exf5 17. Qe2 Nc5 18. b4 Ne6 19. Rbe1 Rf7 20. h4 Bf8 21. h5 d5
22. g6 Rf6 23. Bxd5 cxd5 24. Nxd5 Bb7 25. gxh7+ Kxh7 26. c4 Qf7 27. Rf2 Rh6 28.
Rh2 Nd4 29. Qe5 Nc6 30. Qe2 Nxb4 31. Bxb4 Bxd5+ 32. cxd5 Qxd5+ 33. Kg1 Bxb4 34.
Rd1 Bc5+ 35. Kf1 Qe4 36. Qxe4 fxe4 37. Rc1 Bb6 38. Rc4 e3 39. Re4 Rf8 40. Ke2
Rf5 41. Rb4 Ba5 42. Rb7 Rxf4 43. Kxe3 Rg4 44. Kf3 Rg5 45. Ra7 Bc3 46. Kf4 Rc5
47. Kg4 a5 48. Rc2 Rhc6 49. Re2 Bf6 50. Rh2 Rg5+ 51. Kf3 Rc3+ 52. Kf4 Kh6 53.
Ke4 Rc4+ 54. Kd3 Rd4+ 55. Ke3 Rg3+ 56. Ke2 Rb4 57. Kf2 Ra3 58. Kg1 Rb1+ 59. Kg2
Rxa2+ 0-1

[Event "43. Olimpiada Batumi 2018 Femenina"]
[Site "Batumi GEO"]
[Date "2018.09.25"]
[Round "2.4"]
[White "Mazariegos, Silvia Carolina"]
[Black "Ali, Amy"]
[Result "1-0"]
[WhiteElo "1922"]
[BlackElo "1446"]
[PlyCount "119"]
[EventDate "2018.09.24"]
[EventType "team-swiss"]
[EventRounds "11"]
[EventCountry "GEO"]
[SourceTitle "Ajedrez en Madrid"]
[Source "lmi"]
[SourceDate "2018.09.24"]
[WhiteTeam "Guatemala"]
[BlackTeam "Trinidad & Tobago"]
[WhiteTeamCountry "GUA"]

1. d4 Nf6 2. Bg5 e6 3. Nd2 h6 4. Bh4 d5 5. e3 c5 6. c3 Bd6 7. Bd3 b6 8. Nh3 Bb7
9. f4 Nbd7 10. Qe2 Qc8 11. O-O O-O 12. Rac1 c4 13. Bc2 Ne4 14. Bxe4 dxe4 15.
Nxc4 Ba6 16. Nxd6 Bxe2 17. Nxc8 Raxc8 18. Rfe1 Ba6 19. Nf2 f5 20. b3 b5 21. Nd1
Rfe8 22. Re2 Nb6 23. Rec2 Rc7 24. Be1 Rec8 25. Nb2 Kf7 26. c4 Rc6 27. Ba5 bxc4
28. Bxb6 axb6 29. Nxc4 Ke7 30. Na3 Rxc2 31. Rxc2 Rxc2 32. Nxc2 Bd3 33. Nb4 Kd6
34. Kf2 Bb5 35. Ke1 h5 36. g3 Be8 37. Kd2 b5 38. Kc3 Bd7 39. Na6 Be8 40. Kb4
Kc6 41. Ka5 Bf7 42. Nb4+ Kb7 43. Kxb5 Be8+ 44. Kc5 Kc7 45. Nc2 Bc6 46. Na3 g6
47. Nc4 Be8 48. Ne5 Kd8 49. Kd6 Bb5 50. Nxg6 Bd3 51. Nf8 Bb1 52. Nxe6+ Ke8 53.
a4 Ba2 54. Nc5 h4 55. gxh4 Kd8 56. Ke5 Kc7 57. Kxf5 Kd6 58. h5 Kd5 59. h6 Kd6
60. h7 1-0

[Event "43. Olimpiada Batumi 2018 Femenina"]
[Site "Batumi GEO"]
[Date "2018.09.25"]
[Round "2.1"]
[White "de Leon, Patricia"]
[Black "Ravelomanana, Sabine"]
[Result "1-0"]
[WhiteElo "1929"]
[BlackElo "1821"]
[PlyCount "189"]
[EventDate "2018.09.24"]
[EventType "team-swiss"]
[EventRounds "11"]
[EventCountry "GEO"]
[SourceTitle "Ajedrez en Madrid"]
[Source "lmi"]
[SourceDate "2018.09.24"]
[WhiteTeam "Uruguay"]
[BlackTeam "Madagascar"]
[WhiteTeamCountry "URU"]
[BlackTeamCountry "MAD"]

1. d4 Nf6 2. c4 d5 3. cxd5 c6 4. Nc3 cxd5 5. Nf3 Nc6 6. Bf4 Qb6 7. Na4 Qa5+ 8.
Bd2 Qd8 9. e3 Bf5 10. Rc1 a6 11. Nc5 Qb6 12. Qa4 Bd7 13. Nxd7 Nxd7 14. b4 Qd8
15. b5 axb5 16. Qxb5 Nb6 17. Ne5 e6 18. Nxc6 bxc6 19. Qxc6+ Nd7 20. a4 Ba3 21.
Rc2 O-O 22. Bd3 Nb6 23. a5 Nd7 24. O-O Ra7 25. Rb1 Nb8 26. Qa4 Bd6 27. Rcb2 Qc7
28. g3 g6 29. Rc2 Qe7 30. Rcb2 Rc8 31. Rb6 Qd8 32. Rb7 Ra8 33. R7b6 Bc7 34.
R6b5 Na6 35. Qa3 Bd6 36. Qa4 Bc7 37. Kg2 h5 38. h4 g5 39. hxg5 Qxg5 40. Rh1 Bd8
41. Qd1 Qg4 42. f3 Qg5 43. e4 Qg7 44. e5 h4 45. Qe1 Qxg3+ 46. Qxg3+ hxg3 47.
Kxg3 Nb8 48. Ra1 Nc6 49. Ra4 Bc7 50. f4 Kf8 51. a6 Bb8 52. Bb4+ Nxb4 53. Raxb4
Ba7 54. Kf3 Rcb8 55. Rxb8+ Rxb8 56. Rb7 Rxb7 57. axb7 Ke7 58. Bh7 f6 59. Ke2
Kf7 60. Kd2 f5 61. Kc3 Kg7 62. Bxf5 exf5 63. Kb4 Kf7 64. Kb5 Ke6 65. Kc6 Bb8
66. Kb6 Kd7 67. Kb5 Ba7 68. Ka6 Bb8 69. Kb6 Ke7 70. Kc5 Ke6 71. Kc6 Ke7 72.
Kxd5 Kd7 73. Kc5 Ba7+ 74. Kd5 Bb8 75. Kc5 Ba7+ 76. Kb5 Kc7 77. e6 Kd6 78. d5
Bb8 79. Kb6 Ke7 80. Ka6 Bxf4 81. Ka7 Bd6 82. b8=Q Bxb8+ 83. Kxb8 Kd6 84. Kc8 f4
85. Kd8 f3 86. e7 f2 87. e8=Q f1=Q 88. Qc6+ Ke5 89. Qe6+ Kd4 90. d6 Qf8+ 91.
Kc7 Qa8 92. d7 Qa7+ 93. Kd8 Qa3 94. Ke8 Qa4 95. Kf7 1-0

[Event "43. Olimpiada Batumi 2018 Femenina"]
[Site "Batumi GEO"]
[Date "2018.09.25"]
[Round "2.2"]
[White "Razafindrabiaza, Christine"]
[Black "Silva Rosas, Natalia"]
[Result "0-1"]
[WhiteElo "1668"]
[BlackElo "1833"]
[PlyCount "138"]
[EventDate "2018.09.24"]
[EventType "team-swiss"]
[EventRounds "11"]
[EventCountry "GEO"]
[SourceTitle "Ajedrez en Madrid"]
[Source "lmi"]
[SourceDate "2018.09.24"]
[WhiteTeam "Madagascar"]
[BlackTeam "Uruguay"]
[WhiteTeamCountry "MAD"]
[BlackTeamCountry "URU"]

1. d4 f5 2. Nc3 Nf6 3. Bg5 d5 4. Bxf6 exf6 5. e3 Be6 6. Bd3 Qd7 7. Nge2 g6 8.
Nf4 Bf7 9. Qf3 c6 10. h3 Na6 11. a3 Nc7 12. O-O-O O-O-O 13. g4 fxg4 14. hxg4
Bg7 15. Bf1 Ne8 16. Bh3 Nd6 17. Nd3 Qe7 18. Nc5 b6 19. Nb3 Ne4 20. Ne2 Ng5 21.
Qg2 Nxh3 22. Rxh3 Kb7 23. Nf4 a5 24. Qh1 h6 25. Re1 a4 26. Nd2 Qd7 27. f3 Rde8
28. Rh2 f5 29. gxf5 Qxf5 30. Nd3 Rhf8 31. e4 Qc8 32. e5 Be6 33. Kb1 h5 34. Qg1
Bf5 35. Rc1 Bh6 36. Qf1 Be3 37. Ka1 Bxd4 38. c4 Bxd3 39. Qxd3 Bxe5 40. cxd5
Bxh2 41. Qxg6 c5 42. Nc4 Bc7 43. Qc6+ Kb8 44. d6 Bxd6 45. Qxd6+ Qc7 46. Qg6 Rh8
47. Nxb6 Reg8 48. Qe6 Re8 49. Qg6 Rhg8 50. Qf6 Rgf8 51. Qg6 Re5 52. Nxa4 Rxf3
53. Qg8+ Kb7 54. Nc3 c4 55. Rg1 Ref5 56. Rg7 Rf7 57. Rg5 R3f5 58. Rg6 Rf1+ 59.
Ka2 R1f5 60. Ne4 Ka7 61. Nd6 c3 62. Qe8 cxb2 63. Qe3+ Ka8 64. Qe8+ Qb8 65. Qc6+
Rb7 66. Qa4+ Ra7 67. Qe4+ Rb7 68. Nxb7 b1=Q+ 69. Qxb1 Rf2+ 0-1

[Event "43. Olimpiada Batumi 2018 Femenina"]
[Site "Batumi GEO"]
[Date "2018.09.25"]
[Round "2.3"]
[White "Quevedo, Andreina"]
[Black "Raharimanana, Faratiana"]
[Result "1/2-1/2"]
[WhiteElo "1809"]
[BlackElo "1660"]
[PlyCount "82"]
[EventDate "2018.09.24"]
[EventType "team-swiss"]
[EventRounds "11"]
[EventCountry "GEO"]
[SourceTitle "Ajedrez en Madrid"]
[Source "lmi"]
[SourceDate "2018.09.24"]
[WhiteTeam "Uruguay"]
[BlackTeam "Madagascar"]
[WhiteTeamCountry "URU"]
[BlackTeamCountry "MAD"]

1. e4 d5 2. exd5 Qxd5 3. Nc3 Qa5 4. d4 c6 5. Nf3 Nf6 6. Bd2 Bf5 7. Be2 e6 8.
O-O Bb4 9. a3 Bxc3 10. Bxc3 Qc7 11. Re1 Nbd7 12. Bd3 Bg4 13. b4 O-O 14. Bb2 b5
15. Be2 Nb6 16. Ne5 Bxe2 17. Qxe2 a5 18. c4 Nxc4 19. Nxc4 bxc4 20. Qxc4 axb4
21. axb4 Qb6 22. Rec1 Rxa1 23. Rxa1 Nd5 24. Bc3 Qb5 25. Qxb5 cxb5 26. Bd2 Rc8
27. Kf1 Kf8 28. Ra5 Rb8 29. Ke2 Rb7 30. Kd3 f5 31. h3 Ke7 32. g4 g6 33. f3 Kd6
34. Ra8 Nb6 35. Bf4+ Kd5 36. Rd8+ Rd7 37. Rb8 Kc6 38. Re8 Kd5 39. Rb8 Kc6 40.
Re8 Kd5 41. Rb8 Kc6 1/2-1/2